[Event "Piestany Slovakia op-A"]
[Site "Piestany"]
[Date "2025.07.15"]
[Round "8"]
[White "Beres, Tomas"]
[Black "Saksham, Wadhwa"]
[Result "1/2-1/2"]
[WhiteElo "2182"]
[BlackElo "2121"]
[PlyCount "79"]
[EventDate "2025.07.08"]
[EventType "swiss"]
[EventRounds "9"]
[EventCountry "SVK"]
[SourceTitle "CB29_2025"]
[SourceDate "2025.07.16"]
[SourceVersion "1"]
[SourceVersionDate "2025.07.16"]
[SourceQuality "1"]

1. e4 c5 2. Nf3 e6 3. b3 b6 4. Bd3 Bb7 5. 0-0 Nf6 6. e5 Nd5 7. Be4 Qc7 8. c4 Ne7 9. Bxb7 Qxb7 10. d4 cxd4 11. Nxd4 Ng6 12. Bb2 Be7 13. Nb5 0-0 14. Nd2 Nc6 15. f4 f6 16. exf6 Bxf6 17. Bxf6 Rxf6 18. g3 d5 19. cxd5 exd5 20. Nf3 Rd8 21. Nbd4 Nge7 22. Re1 Nxd4 23. Qxd4 Nc6 24. Qd3 Qd7 25. Rac1 h6 26. Nd4 Nxd4 27. Qxd4 Re6 28. Re5 Rxe5 29. Qxe5 d4 30. Rc7 Qg4 31. Qe7 Rc8 32. Qf7+ Kh8 33. Rxc8+ Qxc8 34. Qc4 Qd7 35. Qd3 Qd5 36. Kf2 Qh1 37. Qxd4 Qxh2+ 38. Kf3 Qxa2 39. Qd8+ Kh7 40. Qd3+ 1/2-1/2

[Event "Piestany Slovakia op-A"]
[Site "Piestany"]
[Date "2025.07.13"]
[Round "6"]
[White "Beres, Tomas"]
[Black "Srvatka, Igor"]
[Result "1-0"]
[WhiteElo "2182"]
[BlackElo "2104"]
[PlyCount "84"]
[EventDate "2025.07.08"]
[EventType "swiss"]
[EventRounds "9"]
[EventCountry "SVK"]
[SourceTitle "CB29_2025"]
[SourceDate "2025.07.16"]
[SourceVersion "1"]
[SourceVersionDate "2025.07.16"]
[SourceQuality "1"]

1. e4 c5 2. Nf3 Nc6 3. d4 cxd4 4. Nxd4 Nf6 5. Nc3 e5 6. Nf5 d5 7. exd5 Bxf5 8. dxc6 Qxd1+ 9. Nxd1 bxc6 10. Ne3 Be6 11. Nc4 Nd7 12. Be3 f6 13. 0-0-0 Bc5 14. Bxc5 Nxc5 15. f3 Ke7 16. Na5 Rac8 17. Bc4 Bxc4 18. Nxc4 Rhd8 19. Ne3 g6 20. Rxd8 Rxd8 21. Rd1 Rxd1+ 22. Kxd1 f5 23. b4 Nb7 24. Kd2 Ke6 25. c4 a6 26. Kd3 h5 27. a4 g5 28. h3 f4 29. Nd1 a5 30. bxa5 Nxa5 31. Nc3 Kf5 32. Ne4 g4 33. c5 gxh3 34. gxh3 Nb3 35. Kc4 Nd4 36. a5 Ke6 37. a6 Nb5 38. Nd6 Na7 39. h4 Kd7 40. Kd3 Ke7 41. Ke4 Ke6 42. Nc4 Nb5 1-0

[Event "SVK-ch rapid"]
[Site "Poprad"]
[Date "2025.05.03"]
[Round "5"]
[White "Bango, Lukas"]
[Black "Beres, Tomas"]
[Result "1/2-1/2"]
[WhiteElo "2157"]
[BlackElo "2046"]
[PlyCount "100"]
[EventDate "2025.05.03"]
[EventType "swiss (rapid)"]
[EventRounds "7"]
[EventCountry "SVK"]
[SourceTitle "CB19_2025"]
[SourceDate "2025.05.07"]
[SourceVersion "1"]
[SourceVersionDate "2025.05.07"]
[SourceQuality "1"]

1. d4 d5 2. Nf3 Nf6 3. g3 Bf5 4. Bg2 e6 5. 0-0 Be7 6. c4 c6 7. b3 h6 8. Bb2 0-0 9. Nc3 Nbd7 10. e3 Ne4 11. Rc1 Re8 12. Qe2 Bd6 13. Rfd1 Qf6 14. Nxe4 Bxe4 15. Nd2 Bxg2 16. Kxg2 Qg6 17. e4 dxe4 18. Qxe4 Qxe4+ 19. Nxe4 Be7 20. Rd3 Nf6 21. Nc5 Rab8 22. Rcd1 b6 23. Na6 Rb7 24. a3 b5 25. Rc1 Rd8 26. cxb5 cxb5 27. Rc6 Nd5 28. Rd2 Bf6 29. Rdc2 Rb6 30. R2c5 Rd6 31. Rc8+ Kh7 32. Nc7 Ne7 33. Ra8 Nc6 34. Ne8 Rd5 35. Nxf6+ gxf6 36. Rc8 Rd6 37. h4 Nxd4 38. R8c7 Kg6 39. h5+ Kg7 40. Rxa7 Nc6 41. Rc7 e5 42. Bc1 Na5 43. Be3 Nxb3 44. Rc3 Nd4 45. Ra7 Rdc6 46. Rd3 Rc4 47. Rd7 Ra6 48. Rd5 Rca4 49. Bxd4 exd4 50. Rxb5 Kh7 1/2-1/2

[Event "SVK-ch blitz"]
[Site "Poprad"]
[Date "2025.05.02"]
[Round "12"]
[White "Beres, Tomas"]
[Black "Nemergut, Matej"]
[Result "0-1"]
[WhiteElo "1982"]
[BlackElo "1915"]
[PlyCount "104"]
[EventDate "2025.05.02"]
[EventType "swiss (blitz)"]
[EventRounds "13"]
[EventCountry "SVK"]
[SourceTitle "CB19_2025"]
[SourceDate "2025.05.07"]
[SourceVersion "1"]
[SourceVersionDate "2025.05.07"]
[SourceQuality "1"]

1. e4 e5 2. Nc3 Nc6 3. Bc4 d6 4. d3 Be6 5. Bxe6 fxe6 6. f4 exf4 7. Bxf4 e5 8. Be3 Nf6 9. Nf3 Qd7 10. Qe2 Be7 11. h3 0-0-0 12. 0-0-0 Rdf8 13. Rdf1 a6 14. g4 h6 15. Qe1 g5 16. Kb1 Ne8 17. Nd5 Ng7 18. Qc3 Ne6 19. b4 Rh7 20. Nd2 Rhf7 21. Rxf7 Rxf7 22. Rf1 Rxf1+ 23. Nxf1 Kb8 24. Ng3 Ncd4 25. Nf5 Nxf5 26. gxf5 Nf4 27. Bxf4 gxf4 28. Qe1 c6 29. Nb6 Qd8 30. Nc4 Qg8 31. f6 Bxf6 32. Nxd6 Qg3 33. Qh1 Be7 34. Nf5 Qg5 35. h4 Qf6 36. a3 Bd8 37. Qg2 Ka7 38. Qg4 Kb6 39. Kb2 a5 40. Kb3 Ka6 41. Qg8 Bc7 42. Qg1 axb4 43. axb4 Qf7+ 44. c4 b5 45. Qa1+ Kb7 46. Kc2 bxc4 47. Qb2 cxd3+ 48. Kxd3 Qd7+ 49. Ke2 h5 50. Kf3 Qd3+ 51. Kf2 Bb6+ 52. Ke1 f3 0-1

[Event "SVK-ch blitz"]
[Site "Poprad"]
[Date "2025.05.02"]
[Round "4"]
[White "Beres, Tomas"]
[Black "Szaszak, Robert"]
[Result "0-1"]
[WhiteElo "1982"]
[BlackElo "1803"]
[PlyCount "62"]
[EventDate "2025.05.02"]
[EventType "swiss (blitz)"]
[EventRounds "13"]
[EventCountry "SVK"]
[SourceTitle "CB19_2025"]
[SourceDate "2025.05.07"]
[SourceVersion "1"]
[SourceVersionDate "2025.05.07"]
[SourceQuality "1"]

1. e4 e5 2. Nc3 Nc6 3. Bc4 Bc5 4. Qg4 g6 5. Qf3 Qf6 6. Nd5 Qxf3 7. Nxf3 Bb6 8. d3 d6 9. Bg5 h6 10. Be3 Kd8 11. Nxb6 axb6 12. Bxf7 g5 13. 0-0 Nf6 14. a3 Ke7 15. Ba2 Bg4 16. Nd2 Rh7 17. Rfe1 Rg7 18. c3 h5 19. d4 Bd7 20. Rad1 g4 21. dxe5 Nxe5 22. Nc4 Nf7 23. Bf4 b5 24. e5 bxc4 25. exf6+ Kxf6 26. Bxc4 Ra4 27. Rd4 c5 28. Rde4 Bf5 29. Re6+ Bxe6 30. Rxe6+ Kf5 31. b3 Rxc4 0-1

[Event "SVK-ch blitz"]
[Site "Poprad"]
[Date "2025.05.02"]
[Round "13"]
[White "Pisarcik, Richard"]
[Black "Beres, Tomas"]
[Result "0-1"]
[WhiteElo "1835"]
[BlackElo "1982"]
[PlyCount "55"]
[EventDate "2025.05.02"]
[EventType "swiss (blitz)"]
[EventRounds "13"]
[EventCountry "SVK"]
[SourceTitle "CB19_2025"]
[SourceDate "2025.05.07"]
[SourceVersion "1"]
[SourceVersionDate "2025.05.07"]
[SourceQuality "1"]

1. e4 c5 2. Nf3 Nc6 3. c3 g6 4. d4 cxd4 5. cxd4 Bg7 6. Nc3 d6 7. Be3 Bg4 8. d5 Bxf3 9. Qxf3 Ne5 10. Bb5+ Nd7 11. 0-0 Ngf6 12. Qe2 0-0 13. f4 a6 14. Bd3 Rc8 15. Rac1 Nc5 16. Bxc5 Rxc5 17. Kh1 Nd7 18. b4 Rxc3 19. Rxc3 Bxc3 20. a3 Qb6 21. f5 Bg7 22. fxg6 hxg6 23. Bc2 Qd4 24. Qf3 Qc3 25. Qe2 Qxa3 26. b5 Ne5 27. bxa6 Qxa6 28. Qd2 0-1

[Event "SVK-chT rapid"]
[Site "Poprad"]
[Date "2025.??.??"]
[Round "4.25"]
[White "Balazs, Ladislav"]
[Black "Beres, Tomas"]
[Result "1-0"]
[WhiteElo "2048"]
[BlackElo "2046"]
[PlyCount "94"]
[EventDate "2025.05.04"]
[EventType "team-swiss (rapid)"]
[EventRounds "7"]
[EventCountry "SVK"]
[SourceTitle "CB19_2025"]
[SourceDate "2025.05.07"]
[SourceVersion "1"]
[SourceVersionDate "2025.05.07"]
[SourceQuality "1"]

1. e4 c5 2. Nf3 Nc6 3. d4 cxd4 4. Nxd4 g6 5. Nc3 Bg7 6. Nxc6 bxc6 7. Bc4 d6 8. 0-0 Nf6 9. e5 dxe5 10. Qxd8+ Kxd8 11. Rd1+ Kc7 12. Bd2 Bf5 13. Rac1 e6 14. Na4 a5 15. Be3 Nd5 16. Bc5 Bh6 17. f3 Bxc1 18. Rxc1 h5 19. Bf1 Rab8 20. a3 Rhd8 21. c4 Nf4 22. b4 axb4 23. axb4 Nd3 24. Bxd3 Rxd3 25. h3 h4 26. Be7 Ra8 27. Nc5 Rd2 28. Nb3 Rb2 29. Na5 Rb1 30. Rxb1 Bxb1 31. Bxh4 c5 32. Be7 cxb4 33. Bxb4 Ba2 34. Bc3 Kb6 35. c5+ Kxc5 36. Nb7+ Kc6 37. Na5+ Kb6 38. Kf2 Rxa5 39. Bxa5+ Kxa5 40. Ke3 g5 41. g3 Kb4 42. h4 gxh4 43. gxh4 Bb1 44. f4 exf4+ 45. Kxf4 f6 46. h5 Kc4 47. Ke3 Kd5 1-0

[Event "SVK-chT rapid"]
[Site "Poprad"]
[Date "2025.??.??"]
[Round "7.17"]
[White "Varga, Lukas"]
[Black "Beres, Tomas"]
[Result "1-0"]
[WhiteElo "2048"]
[BlackElo "2046"]
[PlyCount "41"]
[EventDate "2025.05.04"]
[EventType "team-swiss (rapid)"]
[EventRounds "7"]
[EventCountry "SVK"]
[SourceTitle "CB19_2025"]
[SourceDate "2025.05.07"]
[SourceVersion "1"]
[SourceVersionDate "2025.05.07"]
[SourceQuality "1"]

1. d4 d5 2. c4 e6 3. Nc3 Nf6 4. Nf3 Be7 5. Bg5 0-0 6. e3 h6 7. Bh4 b6 8. cxd5 Nxd5 9. Bxe7 Qxe7 10. e4 Nxc3 11. bxc3 Bb7 12. Bd3 c5 13. 0-0 Rd8 14. Re1 cxd4 15. cxd4 Nc6 16. Qa4 Nxd4 17. Nxd4 Qf6 18. e5 Qh4 19. Be4 Rac8 20. Nf3 Qg4 21. Bh7+ 1-0

[Event "SVK-chT2B 2324"]
[Site "Slovakia"]
[Date "2024.02.11"]
[Round "9.3"]
[White "Beres, Tomas"]
[Black "Bielik, Jakub"]
[Result "1-0"]
[WhiteElo "2130"]
[BlackElo "2126"]
[PlyCount "77"]
[EventDate "2023.10.07"]
[EventType "team-tourn"]
[EventRounds "11"]
[EventCountry "SVK"]
[SourceTitle "EXT 2025"]
[Source "ChessBase"]
[SourceDate "2024.10.14"]
[SourceVersion "1"]
[SourceVersionDate "2024.10.14"]
[SourceQuality "1"]
[WhiteTeam "Tlmace"]
[BlackTeam "Povazske Podhradie"]
[WhiteTeamCountry "SVK"]
[BlackTeamCountry "SVK"]

1. e4 e6 2. d4 d5 3. Nd2 Be7 4. e5 c5 5. c3 Nc6 6. Bd3 Qb6 7. Ndf3 f6 8. Ne2 fxe5 9. dxe5 Bd7 10. Qc2 0-0-0 11. Bxh7 Rf8 12. Nf4 Be8 13. Bg6 Nh6 14. Bxe8 Rxe8 15. Ng6 Rhg8 16. Bf4 Bd8 17. 0-0-0 Qc7 18. h4 Qf7 19. h5 b6 20. Kb1 Kb7 21. Bg5 Bc7 22. Rh4 Qd7 23. Bxh6 gxh6 24. Re1 Rd8 25. Nd2 Qh7 26. f4 Ne7 27. Rg4 Rg7 28. Nf3 Rdg8 29. Nfh4 Bd8 30. f5 Nc6 31. f6 Rd7 32. Rf4 Bc7 33. Nf3 Rgd8 34. Rd1 d4 35. cxd4 cxd4 36. Qe4 d3 37. Rc1 Rd5 38. f7 d2 39. Rd1 1-0

[Event "SVK-chT1W 2324"]
[Site "Slovakia"]
[Date "2024.02.03"]
[Round "8.4"]
[White "Abel, Peter"]
[Black "Beres, Tomas"]
[Result "1-0"]
[WhiteElo "2172"]
[BlackElo "2130"]
[PlyCount "87"]
[EventDate "2023.10.21"]
[EventType "team-tourn"]
[EventRounds "11"]
[EventCountry "SVK"]
[SourceTitle "EXT 2025"]
[Source "ChessBase"]
[SourceDate "2024.10.14"]
[SourceVersion "1"]
[SourceVersionDate "2024.10.14"]
[SourceQuality "1"]
[WhiteTeam "Povazska Bystrica"]
[BlackTeam "Nitra NSK"]
[WhiteTeamCountry "SVK"]
[BlackTeamCountry "SVK"]

1. c4 e5 2. Nc3 Nf6 3. Nf3 Nc6 4. e3 d5 5. cxd5 Nxd5 6. Bb5 Nxc3 7. bxc3 Bd6 8. d4 e4 9. Nd2 Qg5 10. Qa4 Bd7 11. g3 0-0 12. Nxe4 Qd5 13. f3 Ne5 14. dxe5 Bxb5 15. Qd4 Qxe5 16. Nxd6 cxd6 17. Ba3 Rfe8 18. Kf2 Rac8 19. Rac1 Qe6 20. c4 Bxc4 21. Rhe1 Bb5 22. Bb2 f6 23. a4 Rxc1 24. Rxc1 Bc6 25. Qc4 d5 26. Qf4 Qh3 27. Kg1 Qe6 28. Kf2 d4 29. Qxd4 Qf5 30. Qd1 Qh3 31. Kg1 Rxe3 32. Rc3 Bxf3 33. Qd8+ Kf7 34. Rc7+ Kg6 35. Rxg7+ Kf5 36. Qxf6+ Ke4 37. Re7+ Kd5 38. Qd4+ Kc6 39. Qc4+ Kd6 40. Qb4+ Kd5 41. Qxb7+ Kd6 42. Be5+ Rxe5 43. Qc7+ Kd5 44. Rxe5+ 1-0